A szegedi egyetem egyhangúlag Szent-Györgyi Albertet választja felsőházi képviselőjévé
Elmentve itt :
| Dokumentumtípus: | Cikk |
|---|---|
| Megjelent: |
1939-03-09
|
| Sorozat: | Délmagyarország
|
| Kulcsszavak: | Szent-Györgyi Albert |
| Online Access: | http://univ.bibl.u-szeged.hu/34404 |
| LEADER | 00480nab a2200145 i 4500 | ||
|---|---|---|---|
| 001 | univ34404 | ||
| 005 | 20171214105322.0 | ||
| 008 | 171214s1939 hu o 0|| zxx d | ||
| 040 | |a SZTE UnivHistória Repozitórium |b hun | ||
| 041 | |a zxx | ||
| 245 | 0 | 2 | |a A szegedi egyetem egyhangúlag Szent-Györgyi Albertet választja felsőházi képviselőjévé |h [elektronikus dokumentum] |
| 260 | |c 1939-03-09 | ||
| 490 | 0 | |a Délmagyarország | |
| 561 | |a Egyetemi hirarchívum | ||
| 695 | |a Szent-Györgyi Albert | ||